[Event "Las Vegas 1000 GM June IM-D"]
[Site "Las Vegas"]
[Date "2024.06.10"]
[Round "1"]
[White "Stevens, Adam B"]
[Black "Rajaram, Rohan"]
[Result "1/2-1/2"]
[WhiteElo "1879"]
[BlackElo "2062"]
[PlyCount "109"]
[EventDate "2024.06.10"]
[EventType "tourn"]
[EventRounds "9"]
[EventCountry "USA"]
[SourceTitle "CBM 220 Extra"]
[Source "ChessBase"]
[SourceDate "2024.07.31"]
[SourceVersion "1"]
[SourceVersionDate "2024.07.31"]
[SourceQuality "1"]

1. Nf3 Nf6 2. c4 e6 3. d4 b6 4. g3 Ba6 5. b3 Bb4+ 6. Bd2 Be7 7. Nc3 d5 8. cxd5 exd5 9. Bg2 0-0 10. 0-0 Bb7 11. Bf4 Na6 12. Ne5 Re8 13. Nd3 c6 14. Rc1 Ba3 15. Rc2 Nb4 16. Nxb4 Bxb4 17. Bd2 Qe7 18. Re1 Ba6 19. Na4 Bxd2 20. Qxd2 Bb7 21. Nc3 Qd7 22. Qf4 Re7 23. e4 dxe4 24. Nxe4 Nd5 25. Qd2 Rae8 26. Rcc1 Qe6 27. Red1 h6 28. h4 Qg6 29. Nc3 Nf6 30. Re1 Qg4 31. Rxe7 Rxe7 32. Rd1 Qd7 33. Qf4 Qe8 34. Kh2 h5 35. Bf3 Bc8 36. Qd6 Bd7 37. Kg2 Qd8 38. Kg1 Qe8 39. Kg2 Re6 40. Qc7 Re7 41. Qd6 Qd8 42. Kg1 Re6 43. Qf4 Qe7 44. Kg2 g6 45. Rd2 Kg7 46. d5 cxd5 47. Nxd5 Nxd5 48. Bxd5 Rf6 49. Qd4 Bf5 50. Bf3 Be6 51. Re2 Kh7 52. Re3 Rf5 53. Rd3 Rc5 54. Rd2 Rf5 55. Rd3 1/2-1/2

[Event "Las Vegas 1000 GM IM-C"]
[Site "Las Vegas"]
[Date "2024.06.02"]
[Round "4"]
[White "Delgado Ramirez, Neuris"]
[Black "Stevens, Adam B"]
[Result "1-0"]
[WhiteElo "2483"]
[BlackElo "1855"]
[PlyCount "68"]
[EventDate "2024.05.31"]
[EventType "tourn"]
[EventRounds "9"]
[EventCountry "USA"]
[SourceTitle "CBM 220 Extra"]
[Source "ChessBase"]
[SourceDate "2024.07.31"]
[SourceVersion "1"]
[SourceVersionDate "2024.07.31"]
[SourceQuality "1"]

1. e4 e5 2. Nc3 Nf6 3. g3 Bc5 4. Bg2 a6 5. Nf3 d6 6. d4 exd4 7. Nxd4 0-0 8. 0-0 Nc6 9. Nxc6 bxc6 10. h3 Be6 11. b3 d5 12. exd5 cxd5 13. Na4 Be7 14. Bb2 Qd7 15. Kh2 Rfd8 16. Qd4 Qb5 17. Rfe1 c5 18. Qf4 Rac8 19. Rad1 d4 20. c4 Qb8 21. Qxb8 Rxb8 22. Bc1 Nd7 23. Bf4 Rb4 24. Nb2 Rc8 25. g4 Rb6 26. Bg3 g5 27. Na4 Rb4 28. Bd5 Bxd5 29. Rxe7 Be6 30. Re1 Rb7 31. Nb2 Rc6 32. Re8+ Kg7 33. Nd3 Kh6 34. f4 Kg7 1-0